Educación del movimiento: teoría y práctica

Saved in:
書目詳細資料
Main Authors: Frostig, Marianne (Author), Maslow, Phyllis (Author)
格式: 圖書
語言:西班牙语
出版: Buenos Aires Médica Panamericana 1984
主題:
標簽: 添加標簽
沒有標簽, 成為第一個標記此記錄!

MARC

LEADER 00000nam a2200000 a 4500
001 UCW3326
003 CL-VaPUC
008 880719e19840000AG |||||||||||||||||spa|d
082 0 4 |a 152.3  |b FRO  |2 21 
100 0 |a Frostig, Marianne  |e author  |9 307536 
700 0 |a Maslow, Phyllis  |e author  |9 307537 
245 1 0 |a Educación del movimiento: teoría y práctica 
300 |a 214 p 
942 |c BK 
945 |d 19880719 00:00:00 
260 |a Buenos Aires  |b Médica Panamericana  |c 1984 
650 7 |a PSICOMOTRICIDAD  |2 CL-VaPUC  |9 241072 
650 0 |a Educación preescolar  |9 260381 
650 0 |a Aptitud motora   |x Niños  |9 307455 
583 |a last modification  |c 19880719 00:00:00  |k Rodrigo Vera 
999 |c 217408  |d 217406 
952 |0 0  |1 0  |4 0  |6 152_300000000000000_FRO_1984  |7 0  |8 P  |9 204900  |a BIBEDU  |b BIBEDU  |c BIBEDU_PB  |d 2019-11-15  |i 272684K  |o 152.3 FRO 1984  |p 272684K  |r 2024-01-25  |w 2019-11-15  |y BK  |k EDU 
952 |0 0  |1 0  |4 0  |6 152_300000000000000_FRO_1984  |7 0  |8 P  |9 204901  |a BIBEDU  |b BIBEDU  |c BIBEDU_PB  |d 2019-11-15  |i 2726858  |o 152.3 FRO 1984  |p 2726858  |r 2024-01-25  |w 2019-11-15  |y BK  |k EDU